Normal view
MARC view
Entry Topical Term
Number of records used in: 109
001 - CONTROL NUMBER
- control field: 48169
003 - CONTROL NUMBER IDENTIFIER
- control field: OSt
005 - DATE AND TIME OF LATEST TRANSACTION
- control field: 20160324120820.0
008 - FIXED-LENGTH DATA ELEMENTS
- fixed length control field: 160324|| aca||aabn | a|a d
040 ## - CATALOGING SOURCE
- Original cataloging agency: OSt
- Transcribing agency: OSt
150 ## - HEADING--TOPICAL TERM
- Topical term or geographic name entry element: भारतीय धर्म
670 ## - SOURCE DATA FOUND
- Source citation: Work cat.: (OSt)46803: जयप्रकाश कर्दम 19715, बुद्ध के अग्रदूत , 2009









